The haritage management of historical inheritence in medieval India/ (Record no. 90577)
[ view plain ]
| 000 -LEADER | |
|---|---|
| fixed length control field | 00676nam a22002057a 4500 |
| 005 - DATE AND TIME OF LATEST TRANSACTION | |
| control field | 20150115114412.0 |
| 010 ## - LCCN (DPL NO) | |
| LC control number | ENG-111514 |
| 020 ## - INTERNATIONAL STANDARD BOOK NUMBER | |
| International Standard Book Number | 9788174878892 |
| Terms of availability | 395.00 |
| 020 ## - INTERNATIONAL STANDARD BOOK NUMBER | |
| International Standard Book Number | 8174878890 |
| Terms of availability | 395.00 |
| 035 ## - SYSTEM CONTROL NUMBER | |
| System control number | EN-95046 |
| 037 ## - SOURCE OF ACQUISITION | |
| Source of stock number/acquisition | DBAD/PUB |
| 082 ## - DEWEY DECIMAL CLASSIFICATION NUMBER | |
| Classification number | 720.2880954 |
| 100 ## - MAIN ENTRY--PERSONAL NAME | |
| Personal name | Shrivastava,Vinay |
| 245 ## - TITLE STATEMENT | |
| Title | The haritage management of historical inheritence in medieval India/ |
| Statement of responsibility, etc | by Vinay shrivastava |
| 260 ## - PUBLICATION, DISTRIBUTION, ETC. (IMPRINT) | |
| Place of publication, distribution, etc | New Delhi |
| Name of publisher, distributor, etc | Radha Publications |
| Date of publication, distribution, etc | 2014 |
| 270 ## - ADDRESS | |
| Address | 4231/1,Ansari Road,Daryaganj |
| City | New Delhi |
| Postal code | 110002 |
| 300 ## - PHYSICAL DESCRIPTION | |
| Extent | 119p. : |
| Dimensions | 22cm(pbk) |
| Other physical details | ill. |
| 500 ## - GENERAL NOTE | |
| General note | Includes bibliographical references |
| 942 ## - ADDED ENTRY ELEMENTS (KOHA) | |
| Source of classification or shelving scheme | Dewey Decimal Classification |
| Item type | English Books |
| Call number suffix | SHR |
| Classification part | 720.2880954 |
| Withdrawn status | Lost status | Not for loan | Collection code | Home library | Current library | Date acquired | Source of acquisition | Cost, normal purchase price | Full call number | Barcode | Copy number | Cost, replacement price | Koha item type |
|---|---|---|---|---|---|---|---|---|---|---|---|---|---|
| Not For Loan | Non-fiction | D.B.Act.Division | D.B.Act.Division | 06/01/2015 | DBAD / PUB | 395.00 | 720.2880954 SHR | EN-95046 | 1 | 395.00 | English Books |
